[Event "ROM-ch (Women)"]
[Site "Sebes"]
[Date "2023.02.25"]
[Round "8"]
[White "Iordache, Alexia Andreea"]
[Black "Sgircea, Silvia Raluca"]
[Result "0-1"]
[WhiteElo "1745"]
[BlackElo "2237"]
[PlyCount "156"]
[EventDate "2023.02.19"]
[EventType "swiss"]
[EventRounds "9"]
[EventCountry "ROU"]
[SourceTitle "CBM 212 Extra"]
[Source "ChessBase"]
[SourceDate "2023.03.31"]
[SourceVersion "1"]
[SourceVersionDate "2023.03.31"]
[SourceQuality "1"]

1. e4 c5 2. Nf3 Nc6 3. d4 cxd4 4. Nxd4 g6 5. Nc3 Bg7 6. Be3 Nf6 7. Bc4 0-0 8. Bb3 Re8 9. f3 e6 10. Qd2 d5 11. exd5 Nxd5 12. Bxd5 Nxd4 13. Be4 f5 14. Bd3 e5 15. Bg5 Qa5 16. 0-0 Bd7 17. h4 Rac8 18. a3 Be6 19. Rfe1 Bf7 20. Kh1 a6 21. Rad1 Qb6 22. Na4 Qc6 23. Nc3 b5 24. Be3 Bf8 25. f4 Qf6 26. Qf2 Nc6 27. fxe5 Nxe5 28. Be2 Bg7 29. Rd2 Qc6 30. Red1 Bc4 31. Rd6 Qb7 32. Bxc4+ Nxc4 33. Rd7 Rc7 34. Rd8 Rxd8 35. Rxd8+ Kf7 36. Bf4 Rd7 37. Rb8 Qc6 38. b3 Nxa3 39. Ne2 Qxc2 40. Qf3 Qd1+ 41. Kh2 Qe1 42. Bg3 Qb4 43. Rb7 Qe7 44. Rb6 Nc2 45. Rxa6 Ne3 46. Nf4 Ng4+ 47. Kh3 Nf6 48. Ne6 Ne4 49. Nxg7 Kxg7 50. Rb6 Qc5 51. Re6 Qg1 52. Rxe4 Qh1+ 53. Bh2 fxe4 54. Qxe4 h5 55. Qe5+ Kh7 56. Qxb5 Qd1 57. Bg3 Qg4+ 58. Kh2 Rg7 59. Qc4 Qf5 60. b4 Rb7 61. Qc6 Qb5 62. Qxb5 Rxb5 63. Bd6 Rd5 64. Bc5 Rd3 65. g3 Kg7 66. Kg2 Kf6 67. Bb6 Ke6 68. Bc7 Rb3 69. Ba5 Kf5 70. Kf2 Kg4 71. Bc7 Rxb4 72. Bd6 Rb2+ 73. Ke3 Rg2 74. Ke4 Rxg3 75. Be7 Rh3 76. Ke5 Re3+ 77. Kf6 Rxe7 78. Kxe7 Kxh4 0-1

[Event "ROM-ch (Women)"]
[Site "Sebes"]
[Date "2023.02.22"]
[Round "5"]
[White "Ciolacu, Alessia Mihaela"]
[Black "Sgircea, Silvia Raluca"]
[Result "1-0"]
[WhiteElo "2231"]
[BlackElo "2237"]
[PlyCount "89"]
[EventDate "2023.02.19"]
[EventType "swiss"]
[EventRounds "9"]
[EventCountry "ROU"]
[SourceTitle "CBM 212 Extra"]
[Source "ChessBase"]
[SourceDate "2023.03.31"]
[SourceVersion "1"]
[SourceVersionDate "2023.03.31"]
[SourceQuality "1"]

1. c4 e6 2. Nf3 d5 3. e3 Nf6 4. b3 c5 5. Bb2 Nc6 6. cxd5 exd5 7. Bb5 Bd6 8. 0-0 0-0 9. d4 cxd4 10. Bxc6 bxc6 11. Nxd4 Bc7 12. Nd2 Qd6 13. N2f3 Bd7 14. Qc2 Ne4 15. Rfd1 Rfe8 16. Rac1 Rac8 17. Ne2 Qh6 18. Ng3 Bg4 19. Re1 Ba5 20. Red1 Bb6 21. Bd4 c5 22. Bb2 Nxg3 23. hxg3 d4 24. exd4 cxd4 25. Qd3 Rcd8 26. Re1 Rxe1+ 27. Rxe1 Qh5 28. Nxd4 h6 29. Qc4 Rc8 30. Qa4 Qg6 31. Qb5 Rd8 32. Qc4 Qd6 33. Re4 Bh5 34. Kh2 Bg6 35. Rf4 Qd7 36. Nc6 Re8 37. Ne5 Qe6 38. Qc3 Rc8 39. Nc6 Kf8 40. Qxg7+ Ke8 41. Rf6 Qe4 42. Rd6 Rxc6 43. Qh8+ Ke7 44. Qf6+ Ke8 45. Rxc6 1-0

[Event "Braila GP RO Stage 5"]
[Site "Braila"]
[Date "2022.11.06"]
[Round "8"]
[White "Negrean, Andrei"]
[Black "Sgircea, Silvia Raluca"]
[Result "1/2-1/2"]
[WhiteElo "1991"]
[BlackElo "2237"]
[PlyCount "114"]
[EventDate "2022.11.05"]
[EventType "swiss (rapid)"]
[EventRounds "10"]
[EventCountry "ROU"]
[SourceTitle "EXT 2024"]
[Source "ChessBase"]
[SourceDate "2023.10.10"]
[SourceVersion "1"]
[SourceVersionDate "2023.10.10"]
[SourceQuality "1"]

1. d4 d5 2. c4 dxc4 3. Nf3 Nf6 4. e3 e6 5. Bxc4 a6 6. 0-0 b5 7. Bd3 Bb7 8. Qe2 Nbd7 9. Rd1 c5 10. dxc5 Bxc5 11. a3 0-0 12. b4 Be7 13. Bb2 Qc7 14. Nbd2 Rac8 15. Nb3 Nd5 16. Rac1 Qb8 17. Na5 Ba8 18. h4 Rfd8 19. Ng5 N7f6 20. g3 h6 21. Nf3 Rxc1 22. Rxc1 Rc8 23. Nd4 Rxc1+ 24. Bxc1 Qc7 25. Qc2 Qxc2 26. Bxc2 Nb6 27. Bb3 Bd5 28. Bxd5 Nfxd5 29. Ndc6 Bd6 30. e4 Nc3 31. e5 Bxe5 32. Nxe5 Ne2+ 33. Kg2 Nxc1 34. Nec6 Nc4 35. Nb8 Nxa3 36. Nxa6 Na2 37. Nc6 f6 38. Kf3 Kf7 39. Nc7 e5 40. Ke4 Nc3+ 41. Kd3 Na4 42. Na7 Nb2+ 43. Ke2 Nc2 44. Kd2 Nxb4 45. Kc3 N2d3 46. Naxb5 f5 47. Nd6+ Kf6 48. Nce8+ Ke7 49. f3 e4 50. fxe4 fxe4 51. Kd4 Nf2 52. Ke3 Nbd3 53. h5 Kd7 54. Kd4 Ke7 55. Ke3 Kd7 56. Kd4 Ne1 57. Ke3 Ned3 1/2-1/2

[Event "Braila GP RO Stage 5"]
[Site "Braila"]
[Date "2022.11.06"]
[Round "10"]
[White "Nikanova, Ekaterina"]
[Black "Sgircea, Silvia Raluca"]
[Result "0-1"]
[WhiteElo "2067"]
[BlackElo "2237"]
[PlyCount "121"]
[EventDate "2022.11.05"]
[EventType "swiss (rapid)"]
[EventRounds "10"]
[EventCountry "ROU"]
[SourceTitle "EXT 2024"]
[Source "ChessBase"]
[SourceDate "2023.10.10"]
[SourceVersion "1"]
[SourceVersionDate "2023.10.10"]
[SourceQuality "1"]

1. e4 c5 2. Nf3 Nc6 3. d4 cxd4 4. Nxd4 g6 5. c4 Bg7 6. Be3 d6 7. Nc3 Nf6 8. Be2 0-0 9. 0-0 Bd7 10. Nc2 Be6 11. f3 a5 12. Na3 Rc8 13. Qd2 Nd7 14. Rab1 Nc5 15. b3 Nb4 16. Nab5 Bd7 17. a3 Nc6 18. b4 axb4 19. axb4 Ne6 20. Nd5 Ne5 21. Bb6 Qe8 22. Nbc7 Nxc7 23. Nxc7 Qd8 24. Nd5 Qe8 25. Rfc1 Be6 26. Nc7 Rxc7 27. Bxc7 Qc6 28. Ba5 b6 29. c5 bxa5 30. b5 Qb7 31. c6 Qb6+ 32. Kh1 f5 33. Rf1 a4 34. Qb4 fxe4 35. fxe4 Rxf1+ 36. Rxf1 Nxc6 37. Qxa4 Nb8 38. Qa8 Bf6 39. h3 Kg7 40. Rc1 Nd7 41. Rf1 Qe3 42. Bf3 Qd3 43. Rd1 Qxb5 44. Qa7 Qe5 45. Qf2 Nc5 46. Qe2 Qf4 47. Bg4 Be5 48. g3 Qxg3 49. Bxe6 Nxe6 50. Qg2 Qe3 51. Rf1 Nf4 52. Qf3 Qxf3+ 53. Rxf3 g5 54. Rb3 Kg6 55. Kh2 Nd3+ 56. Kg2 Nc5 57. Re3 Bf4 58. Re2 Kf6 59. Kf3 Ke5 60. h4 gxh4 61. Kg4 0-1